01504nam a2200265Ia 4500001000600000003000900006008004100015040001300056040001300069041001300082100001600095100002900111245004700140245004700187250001100234260001400245260001200259260004900271300005600320500075800376650003301134650003101167700001101198700002901209F6049IT-RoPAU130308s9999 xx 000 0 und d aIT-RoPAU cIT-RoPAU aITALIANO aCalvo Marco gCodice Aut. SPICS: 51918 aInternet '98: manuale per l'uso della rete bInternet '98: Manuale per L'Uso della Rete a1a ed. aROMA/BARI bLaterza c1998 [1° Ed.:1998 - Ed.Ling.Originale:1998] a"528 p. (prefazione: 12; testo: 516 [pagine: 0-0])" aAltri Coautori: Fabio Ciotti, Gino Roncaglia e Marco A. Zela. internet Come risorsa Informativa, villaggio e mercato Globale. telematica e reti di Computer. Storia e funzionamento di Internet. Come ci si Collega a internet (Modem, Provider, Computer). Come si Naviga in Internet. Posta Elettronica. notizie dal Mondo: conferenze (Newsgroup). Ftp (File Transfer Protocol). Diventare Terminale di un Sistema Remoto: Telnet. Muoversi Fra I Menu: Gopher. ipertesto Globale: World Wide Web. Comunicazione in Tempo Reale (Irc, Icq, Videotelefonia via Internet). nuove Frontiere. Come si Fa Ricerca in Internet. risorse e Percorsi di Ricerca. Dimensione Sociale di Internet. internet Come mercato Globale. mettere informazioni in Rete. Glossario. Bibliografia. aTEORIA DELLA MULTIMEDIALITA' eCodice materia Spics: 4253 aAA.VV. gCodice Aut. SPICS: 12000